000 00538nam a2200181 i 4500
001 91725
003 ES-MaACL
005 20230906180809.0
007 t|
008 050209q1940 mr ||||1| spa d
080 _a811.411.21'282(64)
100 1 _aAragón Cañizares, José.
_922184
245 1 0 _aArabe dialectal marroquí.
_pSegunda parte /
_cJosé Aragón Cañizares.
260 _aLarache :
_bMarroquí,
_c[ca. 1940]
300 _a114 p. ;
_c22 cm.
650 _aLengua árabe-
_zMarruecos.
_9173558
852 _aES-MaACL
_j2186-F-31
999 _c91725
_d91725